Profiles in terror : (Record no. 20214)
[ view plain ]
| 000 -LEADER | |
|---|---|
| fixed length control field | 01588cam a22003135a 4500 |
| 001 - CONTROL NUMBER | |
| control field | 13625286 |
| 005 - DATE AND TIME OF LATEST TRANSACTION | |
| control field | 20150720103356.0 |
| 008 - FIXED-LENGTH DATA ELEMENTS--GENERAL INFORMATION | |
| fixed length control field | 040616t2004 mdu frb 001 0 eng d |
| 020 ## - INTERNATIONAL STANDARD BOOK NUMBER | |
| International Standard Book Number | 0742535258 |
| 020 ## - INTERNATIONAL STANDARD BOOK NUMBER | |
| International Standard Book Number | 9780742535251 |
| 040 ## - CATALOGING SOURCE | |
| Original cataloging agency | DLC |
| Language of cataloging | eng |
| Transcribing agency | DLC |
| Modifying agency | DLC |
| -- | EG-ScBUE |
| 043 ## - GEOGRAPHIC AREA CODE | |
| Geographic area code | aw----- |
| 082 04 - DEWEY DECIMAL CLASSIFICATION NUMBER | |
| Classification number | 303.6250956 |
| Item number | MAN |
| Edition number | 22 |
| 100 1# - MAIN ENTRY--PERSONAL NAME | |
| Personal name | Mannes, Aaron, |
| Dates associated with a name | 1970- |
| 9 (RLIN) | 38232 |
| 245 10 - TITLE STATEMENT | |
| Title | Profiles in terror : |
| Remainder of title | the guide to Middle East terrorist organizations / |
| Statement of responsibility, etc | Aaron Mannes ; foreword by R. James Woolsey. |
| 260 ## - PUBLICATION, DISTRIBUTION, ETC. (IMPRINT) | |
| Place of publication, distribution, etc | Lanham : |
| Name of publisher, distributor, etc | Rowman & Littlefield Publishers : |
| -- | JINSA Press, |
| Date of publication, distribution, etc | c.2004. |
| 300 ## - PHYSICAL DESCRIPTION | |
| Extent | xvii, 372 p. ; |
| Dimensions | 24 cm. |
| 500 ## - GENERAL NOTE | |
| General note | "Published in cooperation with JINSA Press." |
| 500 ## - GENERAL NOTE | |
| General note | Index : p. 341-372. |
| 504 ## - BIBLIOGRAPHY, ETC. NOTE | |
| Bibliography, etc | Includes bibliographical references. |
| 505 0# - FORMATTED CONTENTS NOTE | |
| Formatted contents note | Al-Qaeda & its affiliates : Algerian affiliates ; Al-Qaeda ; Asian affiliates and operations ; Egyptian affiliates -- Abu Nidal Organization -- Hamas -- Hizbullah -- Kurdistan Workers' party -- Palestinian Islamic Jihad -- Palestine Liberation Organization & its affiliates : Democratic Front for the Liberation of Palestine ; Fatah ; Force ; Palestine Liberation Front ; Palestine Liberation Organization and Palestinian National Authority ; Popular Front for the Liberation of Palestine-General Command. |
| 650 #0 - SUBJECT ADDED ENTRY--TOPICAL TERM | |
| Topical term or geographic name as entry element | Terrorists |
| Geographic subdivision | Middle East. |
| Source of heading or term | BUEsh |
| 650 #0 - SUBJECT ADDED ENTRY--TOPICAL TERM | |
| Topical term or geographic name as entry element | National liberation movements |
| Geographic subdivision | Middle East. |
| Source of heading or term | BUEsh |
| 651 ## - SUBJECT ADDED ENTRY--GEOGRAPHIC NAME | |
| Source of heading or term | BUEsh |
| 653 ## - INDEX TERM--UNCONTROLLED | |
| Resource For college | BAEPS, Political Science |
| Arrived date list | July2015 |
| 655 ## - INDEX TERM--GENRE/FORM | |
| Form subdivision | |
| -- | 34232 |
| 700 1# - ADDED ENTRY--PERSONAL NAME | |
| Personal name | Woolsey, R. James, |
| Relator term | author of introduction, etc. |
| 942 ## - ADDED ENTRY ELEMENTS (KOHA) | |
| Source of classification or shelving scheme | Dewey Decimal Classification |
| Withdrawn status | Lost status | Source of classification or shelving scheme | Damaged status | Not for loan | Koha collection | Home library | Current library | Shelving location | Date acquired | Source of acquisition | Cost, normal purchase price | Serial Enumeration / chronology | Total Checkouts | Total Renewals | Full call number | Barcode | Date last seen | Date last borrowed | Cost, replacement price | Koha item type |
|---|---|---|---|---|---|---|---|---|---|---|---|---|---|---|---|---|---|---|---|---|
| Dewey Decimal Classification | Baccah | Central Library | Central Library | First floor | 06/07/2015 | 281.00 | 22696 | 6 | 25 | 303.6250956 MAN | 000039253 | 15/07/2025 | 24/04/2019 | 351.00 | Book - Borrowing |